000
00303 a2200145 4500
001
68856
082
_a
155.2 CFT
090
_c
38666
_d
38666
100
_a
CFT
245
_a
CBL-III
260
_a
Masoor
_b
PAF Press Masoor
_c
2005
300
_a
57p.
500
_a
CFT Precise
520
_a
CFT Precise
942
_a
NUST CAE
_k
155.2 CFT
999
_c
303929
_d
303929